000 00464 a2200181 4500
005 20250626061315.0
020 _a978-0-19-832946-6
082 _a428 BAR
100 _aBARCOCK, C
245 _aGcse English Language for Ocr
260 _aLondon
_bOxford University Press
_c2010.
300 _a173p.: ill.; pictures
_bIndex
_c27cm
700 _aLiz Hanton
700 _aMel Peeling
700 _aAlison Ross
700 _aChristine Shaw Smith
942 _2ddc
_cBKS
999 _c5187
_d5187